Statistics for Last Capitals A-Z

Click here to take the quiz!

General Stats

  • This quiz has been taken 282 times
    (264 since last reset)
  • The average score is 13 of 24

Answer Stats

LetterAnswer% Correct
ZZagreb
88%
QQuito
79%
UUlaanbaatar
76%
YYerevan
72%
IIslamabad
70%
WWindhoek
67%
FFunafuti
63%
JJuba
61%
VVilnius
61%
OOuagadougou
59%
KKuwait City
56%
PPyongyang
56%
GGuatemala City
53%
SSuva
53%
LLuxembourg
52%
MMuscat
52%
TTunis
52%
DDushanbe
51%
AAthens
47%
HHoniara
47%
BBujumbura
40%
RRoseau
39%
NNukuʻalofa
34%
CCotonou
19%

Score Distribution

Percentile by Number Answered

Percent of People with Each Score

Your Score History

You have not taken this quiz since the last reset